00641 2200229 4500001002100000005001700021008004100038020001800079035002400097082001200121090002400133100003300157245007500190250001100265260003900276300002200315650002300337850001500360980001500375985000600390999001500396YOGYA-0209000004168020090227025809.0 ind  a979-472-032-1 0010-020900000041680 a338.002 a338.002bInd SlYOG aYOGYAKARTA. Kantor Statistik aStatistik industri 1989bhasil pengolahan data perusahaan industri DIY aCet. 1 aYogyakartabKantor Statistikc1989 aix, 61 hlmc29 cm aStatistik Industri aYOPDYOG(B) a06-01-2007 a1 a07A0022817